000 00413nam a2200181Ia 4500
001 4432
005 20260306145755.0
008 260306t2009||||xx |||||||||||||| ||spa||
041 _aESP
082 _a321.8
_bS735
100 _aSen, Amartya
_eAUT
245 0 _aEl valor de la democracia
260 _c2009
300 _a119 páginas :
_c21 cm.
650 _aGEN
654 _aCDE
942 _cLIB
_dJUS
_fJUS
_2ddc
_n
999 _c4432
_d4432